logo

Bir Sreshtho Munshi Abdur Rouf Library
Jhenaidah Cadet College

The sign of the glove / (Record no. 7214)

MARC details
000 -LEADER
fixed length control field 00600nam a22002292i 4500
001 - CONTROL NUMBER
JCCL Control Number 7214
003 - CONTROL NUMBER IDENTIFIER
JCCL marc code BD - Jhcc
005 - DATE AND TIME OF LATEST TRANSACTION
control field 20180418170134.0
008 - FIXED-LENGTH DATA ELEMENTS--GENERAL INFORMATION
fixed length control field 860101s1957 xxk 000 0 eng d
035 ## - SYSTEM CONTROL NUMBER
system control number (BD - Jhcc)7214
040 ## - CATALOGING SOURCE
Original cataloging agency UKM
Transcribing agency UKM
Modifying agency EQO
-- BD - Jhcc
041 ## - LANGUAGE CODE
Language code of Book eng
082 ## - DEWEY DECIMAL CLASSIFICATION NUMBER
Classification number 823.91
DDC Edition number 18
Author mark and Year JAC 1957
100 1# - MAIN ENTRY--PERSONAL NAME
Personal name Jackson, Hoole.
245 14 - TITLE STATEMENT
Title The sign of the glove /
Statement of responsibility, etc Hoole Jackson illustrated by Will Nickles
260 ## - PUBLICATION, DISTRIBUTION, ETC. (IMPRINT)
Place of publication, distribution, etc Blackie,
Date of publication, distribution, etc 1957
300 ## - PHYSICAL DESCRIPTION
Pagination 206 p. :
Other physical details ill. ;
Dimensions 19 cm
490 1# - SERIES STATEMENT
Series statement Sceptre library
830 #0 - SERIES ADDED ENTRY--UNIFORM TITLE
Uniform title Sceptre library
942 ## - ADDED ENTRY ELEMENTS (KOHA)
Source of classification or shelving scheme Dewey Decimal Classification
Koha item type Books
Holdings
Source of classification or shelving scheme Damaged status Not for loan Home library Current library Shelving location Total Checkouts Full call number Barcode Date last seen Copy number Koha item type
Dewey Decimal Classification     JCC Rouf Library JCC Rouf Library General Stacks   823.91 JAC 9547 02/06/2018 C - 1 Books

JCC Library | Contacts | JCC Home

Last Update on 23 September 2017
Copyright @ 2017-2020 JCC Rouf Library
Rouf Library, Jhenidah Cadet College (JCC), Bangladesh